|
|
|
|
| LEADER |
00000nam a2200000 a 4500 |
| 001 |
vtls001417838 |
| 003 |
SK-MaSNL |
| 005 |
20260301012710.0 |
| 008 |
190927s2001 xo a r y 0 slo |
| 015 |
|
|
|a SNBI2001/04-02355
|
| 020 |
|
|
|a 8088961025
|
| 035 |
|
|
|a SNK000372629
|
| 040 |
|
|
|a SNK
|b slo
|c SNK
|e AACR2
|
| 041 |
0 |
|
|a slo
|
| 044 |
|
|
|a xo
|c SK
|
| 080 |
|
|
|a 336.27/.28:340.133(094.5)
|2 1981
|
| 080 |
|
|
|a 340.133
|2 1981
|
| 110 |
1 |
|
|a Slovensko
|4 aut
|9 266955
|
| 240 |
1 |
0 |
|a Zákony, etc.
|
| 245 |
1 |
|
|a Dane a poplatky
|b SEPI "C" - aktualizácia č. 136
|
| 260 |
|
|
|a Žilina
|b Systém ekonomických a právnych informácií
|c [2001]
|
| 300 |
|
|
|a 358 s.
|b tab.
|c 21 cm
|
| 500 |
|
|
|a SEPI - Systém Ekonomických a Právnych Informácií
|
| 500 |
|
|
|a Voľné listy bez obalu
|
| 650 |
0 |
7 |
|a správne poplatky
|2 SNKPH
|9 69377
|
| 650 |
0 |
7 |
|a dane z príjmov
|2 SNKPH
|9 2125
|
| 655 |
|
7 |
|a zákony
|2 SNKPH
|9 70186
|
| 655 |
|
7 |
|a pokyny
|2 SNKPH
|9 70685
|
| 655 |
|
7 |
|a príručky
|2 SNKPH
|9 74364
|
| 730 |
|
|
|a Zákony, etc.
|9 297084
|
| 919 |
|
|
|a 80-88961-02-5
|
| 958 |
|
|
|a TL
|
| 999 |
|
|
|c 554176
|d 556106
|
| 952 |
|
|
|t P60, <03>, [BOOK], {603}
|a SNK
|b SNK
|y PREZ
|7 0
|p 17A0310082
|o snkSC 86430/pril.136
|i snkKSP 9099/2001
|0 0
|1 0
|4 0
|d 2001-08-02
|l 0
|r 2005-01-02 00:00:00
|w 2026-02-23
|
| 952 |
|
|
|t P60, <04>, [BOOK], {604}
|a SNK
|b SNK
|y VYP
|7 0
|p 17A0310083
|o snkSC 86430/pril.136 D1
|i snkKSP 9100/2001
|0 0
|1 0
|4 0
|d 2001-08-02
|l 0
|r 2005-01-02 00:00:00
|w 2026-02-23
|